[Event "OP-2011-0-01452"]
[Site "LSS email"]
[Date "2011.03.21"]
[Round "?"]
[White "Boj, Evariste"]
[Black "Zidu, Jan"]
[Result "0-1"]
[WhiteElo "800"]
[BlackElo "2564"]
[PlyCount "34"]
[EventDate "2011.03.18"]
[EventType "tourn (corr)"]
[EventRounds "4"]
[EventCountry "GER"]
[SourceTitle "Corr 2015"]
[Source "ChessBase"]
[SourceDate "2015.07.17"]
[SourceVersion "1"]
[SourceVersionDate "2015.07.17"]
[SourceQuality "1"]

1. e3 e5 2. d4 exd4 3. exd4 d5 4. Bd3 Bd6 5. Nc3 c6 6. Nf3 Ne7 7. Bg5 f6 8. Bh4 0-0 9. 0-0 Nf5 10. Bg3 Nxg3 11. hxg3 Be6 12. Re1 Re8 13. Nh4 Nd7 14. Qh5 Nf8 15. Ne2 g6 16. Qh6 Qc7 17. Nf4 Bg4 0-1

[Event "OP-2011-0-01452"]
[Site "LSS email"]
[Date "2011.03.21"]
[Round "?"]
[White "Egorov, Vladimir Alekseevic"]
[Black "Boj, Evariste"]
[Result "1/2-1/2"]
[WhiteElo "2020"]
[BlackElo "800"]
[PlyCount "62"]
[EventDate "2011.03.18"]
[EventType "tourn (corr)"]
[EventRounds "4"]
[EventCountry "GER"]
[SourceTitle "Telechess CBM 147"]
[Source "ChessBase"]
[SourceDate "2012.03.16"]
[SourceVersion "1"]
[SourceVersionDate "2012.03.16"]
[SourceQuality "1"]

1. d4 e6 2. c4 Nf6 3. Nf3 b6 4. g3 Ba6 5. b3 Bb4+ 6. Bd2 Be7 7. Bg2 c6 8. 0-0 d5 9. Ne5 0-0 10. Bf4 Nfd7 11. Nxd7 Nxd7 12. Nd2 Bf6 13. cxd5 cxd5 14. Nf3 Rc8 15. Qd2 Qe7 16. a4 Nb8 17. a5 Qb7 18. axb6 Qxb6 19. h4 h6 20. g4 Be7 21. Qa2 Bb5 22. Qxa7 Qxa7 23. Rxa7 Nc6 24. Ra2 g5 25. hxg5 hxg5 26. Bxg5 Bxg5 27. Nxg5 Nxd4 28. Bf3 Nxb3 29. Rb1 Bc4 30. Ra7 e5 31. Bg2 f6 1/2-1/2